| 000 | 01138nam1a22002411i 4500 | ||
|---|---|---|---|
| 001 | rc\4410304 | ||
| 005 | 20240724150850.0 | ||
| 035 | _a(NLR Aleph) 008563931 | ||
| 090 |
_a8483177 _c8483177 |
||
| 100 | _a20130416d1966 |||y0rusy50 ca | ||
| 101 | 0 | _arus | |
| 102 | _aRU | ||
| 105 | _a z ||||| | ||
| 200 | 1 |
_aМетодическое пособие по курсу начертательной геометрии _eДля студентов инж.-экон. фак. _eЧ. 1- _fМ-во высш. и сред. спец. образования РСФСР. Моск. полигр. ин-т. [Инж.-экон. фак.]. Кафедра машиностроит. черчения и начертательной геометрии |
|
| 210 |
_aМосква _cБ. и. _d1966 |
||
| 215 | _d21 | ||
| 300 | _aПеред загл. авт.: Дойников Н.М., доц. канд. техн. наук | ||
| 606 |
_aНачертательная геометрия _2psbo |
||
| 700 | 1 |
_aДойников _bН.М. _gНиколай Михайлович |
|
| 801 | 0 |
_aRU _bNLR _gpsbo |
|
| 801 | 1 |
_aRU _bELAR _2rusmarc |
|
| 852 |
_aNLR _j67-6/3185 |
||
| 942 | _cBOOK | ||